LEADER 01631nam a2200313 i 4500 001 000000171953 003 CaOOAMICUS 005 20080520000000.0 008 080520s2008 it u000 u ita u 013 $a149388 020 $a978-88-7105-243-4 040 $aSeMil$bita 100 1 $aBrambilla, Franco Giulio,$c.$0(OLS)http://semarc/name/13164 245 10$aAccompagnamento spirituale e intervento psicologico: interpretazioni /$cFranco Giulio Brambilla ... [et al.]. 260 $aMilano :$bGlossa,$c2008. 300 $aVII, 101 p. ;$c20 cm. 490 0 $aSapientia ;$v36 650 4$aDirezione spirituale.$0(OLS)http://semarc/subject/2829 650 4$aAccompagnamento spirituale.$0(OLS)http://semarc/subject/6270 774 0 $aAletti, Mario <1946- >$tProcessi psicologici e accompagnamento spirituale . Specificità ed interazioni.$w()308990 774 0 $aAngelini, Maria Ignazia <1944- >$tUomo psichico e l'uomo spirituale e le loro ragioni a confronto.$w()308991 774 0 $aMontanari, Antonio <1957- >$tCammino esposto al " rischio" di Dio. Accompagnamento spirituale e intervento psicologico.$w()308992 830 0$aSapientia ;$v36.$0(OLS)http://semarc/title/625 850 $aSeMil 852 $aSeMil$W1$xVenegono$y1$m2KA O 36$j229384$B122817$CSeMilBibl$Z2$F134154 $81 961 $aOmaggio: Como don Giuseppe 996 $6020$a978-88-7105-243-4$9(OLS)http://semarc/number/159224 996 $6245$aAccompagnamento spirituale e intervento psicologico: interpretazioni$9(OLS)http://semarc/title/246129 996 $6260$aMilano :$bGlossa$9(OLS)http://semarc/publisher/29635 LEADER 01154nam a2200265 i 4500 001 000000168718 003 CaOOAMICUS 005 20190411123915.0 008 080123s1987 it u000 u ita u 013 $a146120 040 $aSeMil$bita 100 1 $aArenhoevel, Diego.$0(OLS)http://semarc/name/13270 240 10$aUr-Geschichte.$0(OLS)http://semarc/title/241362 245 10$aGenesi :$bpreistoria, memoria dei patriarchi e storia di Giuseppe /$cDiego Arenhoevel. 260 $aAssisi :$bCittadella,$c1987. 300 $a369 p. ;$c20 cm. 490 0 $aLa Bibbia per tutti$ [Cittadella] 650 4$aBibbia. Antico Testamento. Genesi - Commentari, studi, critica, interpretazioni.$0(OLS)http://semarc/subject/344 830 0$aBibbia per tutti.$0(OLS)http://semarc/title/6277 850 $aSeMil 852 $aSeMil$W1$xVenegono$y1$m2Z II 238$j119740$B119740$CSeMilBibl$Z2$F130962 $81 961 $aRecupero: Seminario di Seveso 996 $6245$aGenesi :$bpreistoria, memoria dei patriarchi e storia di Giuseppe$9(OLS)http://semarc/title/241361 996 $6260$aAssisi :$bCittadella$9(OLS)http://semarc/publisher/29661